000 00368nam a2200109Ia 4500
008 230320s9999||||xx |||||||||||||| ||spa||
082 _a343.099/L74
100 _aLoayza Alfaro, Lina Dorita
245 0 _aEl Derecho, La Prensa Y Las Comunicaciones En El Perú : Aspectos Generales De Su Regulación Jurídica
260 _bAsamblea Nacional de Rectores
942 _80
_cLIB
999 _c48706
_d48706